Statistics for Amerika Birleşik Devletleri Ülke Testi

Click here to take the quiz!

General Stats

  • This quiz has been taken 514 times
  • The average score is 9 of 24

Answer Stats

İpucuCevap% Correct
ABD’ye sınırı olan ülkelerKanada
98%
ABD’ye sınırı olan ülkelerMeksika
97%
BaşkentWashington, DC
96%
Nüfusa göre en büyük dört şehirNew York
79%
Ulusal hayvanKel Kartal
72%
Eyalet sayısı50
70%
Ayda yürüyen ilk kişiNeil Armstrong
58%
Nüfusa göre en büyük dört şehirLos Angeles
56%
Tamamen adalardan oluşan eyaletHawaii
46%
Yüzölçümüne göre en büyük eyaletAlaska
42%
Başlıca siyasi partilerDemokrat
37%
Başlıca siyasi partilerCumhuriyetçi
33%
En çok Amerikalıyı öldüren savaşAmerikan İç Savaşı
27%
Nüfusa göre en büyük dört şehirChicago
27%
Nüfusa göre en büyük dört şehirHouston
16%
Yüzölçümüne göre en küçük eyaletRhode Island
13%
En uzun nehirMississippi / Missouri
11%
En çok madalya kazanan Olimpik atletMichael Phelps
10%
ABD topraklarına dokunan en büyük gölSuperior Gölü
7%
Şimdiye kadar kaydedilmiş en sıcak havaya sahip konum
Death Valley
6%
Bağımsızlık Bildirgesi’nin ana yazarıThomas Jefferson
6%
En yüksek dağDenali
4%
Anayasadaki ilk 10 değişikliğe verilen özel adHaklar Bildirisi
1%
Milli marşThe Star-Spangled
Banner
1%

Score Distribution

Percentile by Number Answered

Percent of People with Each Score

Your Score History

You have not taken this quiz